[Event "BL2-O9192"]
[Site "Germany"]
[Date "1992.??.??"]
[Round "?"]
[White "Roesch, Arnd"]
[Black "Braun, Gottfried"]
[Result "1/2-1/2"]
[WhiteElo "2360"]
[BlackElo "2385"]

1.d4 d6 2.e4 Nf6 3.Nc3 e5 4.Nf3 Nbd7 5.Bc4 Be7 6.O-O O-O 7.a4 exd4 8.Nxd4 Ne5
9.Be2 c5 10.Nf3 Nc6 11.h3 Nb4 12.Re1 Be6 13.Ng5 Bd7 14.Bb5 h6 15.Bxd7 Qxd7
16.Nf3 Rfe8 17.Nb1 Rad8 18.c3  1/2-1/2

[Event "BL2-O9192"]
[Site "Germany"]
[Date "1992.??.??"]
[Round "?"]
[White "Babrikowski, Peter"]
[Black "Dobosz, Henryk"]
[Result "1-0"]
[WhiteElo "2280"]
[BlackElo "2415"]

1.e4 d6 2.d4 Nf6 3.Nc3 c6 4.a4 Qa5 5.Bd2 e5 6.Nf3 Bg4 7.h3 Bh5 8.g4 Bg6 9.Nd5 Qd8
10.Nxf6+ Qxf6 11.dxe5 dxe5 12.Bg5 Qd6 13.Qxd6 Bxd6 14.O-O-O Bxe4 15.Rxd6 f6
16.Bg2 Ke7 17.Rhd1 fxg5 18.Nh4 Bxg2 19.Nxg2 Re8 20.Ne3 Kf8 21.Nf5 Na6 22.Rd7 g6
23.Rxh7 Nc5 24.Rh8+ Kf7 25.Nd6+ Ke7 26.Nxe8 Rxe8 27.Rxe8+ Kxe8 28.b4 Nd7
29.Rd6  1-0

[Event "BL2-S9192"]
[Site "Germany"]
[Date "1992.??.??"]
[Round "?"]
[White "Arnold, Lothar"]
[Black "Spacek, Petr"]
[Result "1/2-1/2"]
[WhiteElo "2320"]
[BlackElo "2395"]

1.e4 d6 2.d4 Nf6 3.Nc3 c6 4.Nf3 Bg4 5.h3 Bh5 6.a4 e6 7.Be2 Be7 8.O-O O-O
9.Bf4 d5 10.exd5 cxd5 11.Ne5 Bxe2 12.Nxe2 Nc6 13.c3 Ne4 14.Qd3 Rc8 15.Ng3 Nxe5
16.Bxe5 Nxg3 17.Qxg3 g6 18.Rfe1  1/2-1/2

[Event "BL2-S9192"]
[Site "Germany"]
[Date "1992.??.??"]
[Round "?"]
[White "Sick, Oliver"]
[Black "Rausis, Igors"]
[Result "1/2-1/2"]
[WhiteElo "2355"]
[BlackElo "2460"]

1.e4 d6 2.d4 Nf6 3.Nc3 e5 4.Nf3 Nbd7 5.Bc4 Be7 6.O-O O-O 7.Re1 c6 8.a4 a5
9.h3 h6 10.Be3 Nh7 11.Ne2 Ng5 12.Ng3 Re8 13.c3 Nb6 14.Bb3 exd4 15.cxd4 Bf6
16.e5 dxe5 17.dxe5 Be7 18.Nxg5 hxg5 19.Bxf7+ Kxf7 20.Qh5+ Kf8 21.Qh8+ Kf7
22.Qh5+ Kf8 23.e6 Bxe6 24.Bxb6 Qxb6 25.Rxe6 Bf6 26.Rxf6+ gxf6 27.Nf5 Re5
28.Qh8+ Kf7 29.Nh6+ Kg6 30.Qxa8 Kxh6 31.Qh8+ Kg6 32.Qg8+ Kh6 33.Qf8+ Kg6
34.Qg8+ Kh6 35.Qh8+ Kg6 36.Qg8+  1/2-1/2

[Event "BL2-S9192"]
[Site "Germany"]
[Date "1992.??.??"]
[Round "?"]
[White "Pirrot, Dieter"]
[Black "Sokolov, Andrei"]
[Result "1/2-1/2"]
[WhiteElo "2380"]
[BlackElo "2565"]

1.e4 d6 2.d4 Nf6 3.Nc3 e5 4.dxe5 dxe5 5.Qxd8+ Kxd8 6.Bc4 Be6 7.Bxe6 fxe6
8.f3 Nbd7 9.Be3 Bd6 10.Ke2 a6 11.a4 Ke7 12.Nh3 c5 13.Nb1 c4 14.a5 Rac8 15.c3 Bc5
16.Nd2 Bxe3 17.Kxe3 Ne8 18.Ra4 Nd6 19.Nf2 Rc5 20.h4 Rhc8 21.Ra2 Rb5 22.h5 h6
23.Rha1 Rcc5 24.Ke2 Nb8 25.Nd1 Nc6 26.Ne3 Nxa5 27.Ra4 Nb3 28.Nxb3 Rxb3 29.R1a2 Rcb5
30.Nd1 Rc5 31.Ne3 Rb6 32.g3 Rbc6 33.Ra1 Ne8 34.g4 Rb5 35.R4a2 Nd6 36.Rg1 Nf7
37.Rg2 Ng5 38.Rh2 Rbc5 39.Ng2 Rd6 40.Ne1 Rc8 41.Ke3 Rd1 42.Rh1 Rb1 43.Ra5 Rxb2
44.Rxe5 b5 45.f4 Nf7 46.Nf3 Rc2 47.Rxe6+ Kf8 48.Nh4 Rxc3+ 49.Ke2 Rd8 50.Rd1 Rcd3  1/2-1/2

[Event "GER CupT"]
[Site "Germany"]
[Date "1992.??.??"]
[Round "?"]
[White "Meier, Volker"]
[Black "Mordhorst, Henning"]
[Result "1-0"]
[WhiteElo "2295"]
[BlackElo "2310"]

1.e4 d6 2.d4 Nf6 3.Nc3 c6 4.a4 a5 5.Nf3 Nbd7 6.Bc4 e6 7.Bg5 Qb6 8.Bb3 h6
9.Bf4 g5 10.Be3 Rg8 11.O-O Qc7 12.Nd2 e5 13.Nc4 Nxe4 14.Nxe4 d5 15.dxe5 dxc4
16.Nd6+ Bxd6 17.exd6 Qd8 18.Bxc4 Nb6 19.Bxb6  1-0

[Event "Guarapuava op"]
[Site "Guarapuava"]
[Date "1992.??.??"]
[Round "?"]
[White "Tsuboi, Edson Kenji"]
[Black "Correa, Aron A"]
[Result "1/2-1/2"]
[WhiteElo "2350"]
[BlackElo "2335"]

1.e4 d6 2.d4 Nf6 3.Nc3 c6 4.f4 g6 5.Nf3 Bg7 6.Be2 Na6 7.O-O O-O 8.Kh1 Nc7
9.a4 b6 10.Qe1 c5 11.dxc5 bxc5 12.Qh4 Rb8 13.b3 c4 14.bxc4 Bb7 15.e5 Nd7
16.Ba3 Qc8 17.Qxe7 dxe5 18.Nxe5 Nxe5 19.fxe5 Bc6 20.Bf3 Bxf3 21.Rxf3 Ne6
22.Qh4 Re8 23.Bd6 Rb2 24.Nd5 Qb7 25.Raf1 Rxc2 26.h3 Qb2 27.Nf6+ Bxf6 28.Qxf6 Nd8
29.R3f2 Rxf2 30.Qxf2 Qxf2 31.Rxf2 Nc6 32.Rb2 Nxe5 33.c5 Nc4 34.Rb7 Nxd6 35.cxd6 Rd8
36.d7 a5 37.Ra7 Kf8 38.Rxa5  1/2-1/2

[Event "Gyor opJ"]
[Site "Gyor"]
[Date "1992.??.??"]
[Round "?"]
[White "Lenovai, E."]
[Black "Jusic, Zdenko"]
[Result "0-1"]
[WhiteElo "2060"]
[BlackElo "2305"]

1.e4 d6 2.d4 Nf6 3.Nc3 c6 4.Nf3 Qa5 5.Bd2 Qb6 6.h3 d5 7.exd5 cxd5 8.Be2 Bf5
9.O-O Nc6 10.Bb5 e6 11.Bf4 Ne4 12.Bd3 Be7 13.Nb5 Rc8 14.a4 a6 15.Nc3 Qxb2
16.Ne2 Qb6 17.Rb1 Qa7 18.c3 O-O 19.Rb2 Bg6 20.Qb1 Na5 21.c4 Bf6 22.cxd5 exd5
23.Ne5 Bxe5 24.Bxe5 Rfe8 25.Rc1 b6 26.Rxc8 Rxc8 27.f3 Nc3 28.Nxc3 Rxc3 29.Bxg6 hxg6
30.Rxb6 Nc6 31.Rb7 Rc1+ 32.Qxc1 Qxb7 33.Qc5 Qd7 34.Bf4 f6 35.Kf2 Qe6 36.Be3 Ne7
37.a5 Nf5 38.Bf4 g5 39.Qb6 Kf7 40.Bd2 Qxb6 41.axb6 Nd6 42.Bb4 Ke6 43.Ke2 Kd7
44.Kd3 Kc6 45.Bc5 Nc8 46.Bf8 g6 47.Bg7 f5 48.g4 Nd6 49.Bf8 Nf7 50.Bc5 Nd8
51.Kc3 Ne6 52.Kb4 Nf4 53.Ka5 Kb7 54.Be7 Nxh3 55.Bd8 Ng1 56.gxf5 gxf5 57.Bxg5 Nxf3
58.Be3 Ne1 59.Bf2 Nd3 60.Be3 f4 61.Bg1 f3 62.Ka4 f2 63.Bxf2 Nxf2 64.Kb4 Kxb6
65.Ka4 a5  0-1

[Event "Hamburg op"]
[Site "Hamburg"]
[Date "1992.??.??"]
[Round "7"]
[White "Holzke, Frank"]
[Black "Urban, Julian"]
[Result "1/2-1/2"]
[WhiteElo "2400"]
[BlackElo "2400"]

1.e4 d6 2.d4 Nf6 3.Nc3 Nbd7 4.f4 e5 5.Nf3 exd4 6.Qxd4 c6 7.Be3 d5 8.exd5 Bc5
9.Qd3 Qe7 10.Nd4 Bxd4 11.Qxd4 Ng4 12.O-O-O O-O 13.Bg1 Nb6 14.d6 Qh4 15.h3 Nf6
16.Bf2 Qh6 17.g3 Bg4 18.Be2 Bxe2 19.Nxe2 Rfe8 20.Qd3 Rad8 21.Nd4 Ne4 22.Nf5 Qe6
23.Bxb6 axb6 24.d7 Rf8 25.g4 Nc5 26.Qc3 f6 27.Rhe1 Qxa2 28.Re7 Rf7 29.Re8+ Rf8
30.Re7 Rf7 31.Re8+ Rf8  1/2-1/2

[Event "Havana-B"]
[Site "Havana"]
[Date "1992.??.??"]
[Round "?"]
[White "Huergo, Jose Ramon"]
[Black "Hernandez, Pedro"]
[Result "1-0"]
[WhiteElo "2345"]
[BlackElo "2235"]

1.d4 Nf6 2.Nc3 d6 3.e4 Nbd7 4.g3 e5 5.Nge2 g6 6.Bg2 Bg7 7.h3 O-O 8.Be3 Re8
9.O-O exd4 10.Bxd4 c6 11.g4 Qe7 12.Ng3 Ne5 13.g5 Nfd7 14.f4 c5 15.Nd5 Qd8
16.Bc3 Nc6 17.Bxg7 Kxg7 18.Qd2 Nb6 19.Nf6 Re6 20.f5 Re5 21.Qf4 Nd4 22.fxg6 hxg6
23.Nfh5+ Kh8 24.Qxf7 Qe7 25.Qxg6  1-0

[Event "Havana-A"]
[Site "Havana"]
[Date "1992.??.??"]
[Round "?"]
[White "Ramon, Vivian"]
[Black "Velez, Nestor"]
[Result "1-0"]
[WhiteElo "2260"]
[BlackElo "2295"]

1.e4 d6 2.d4 Nf6 3.Nc3 c6 4.a4 Qa5 5.Bd2 e5 6.dxe5 dxe5 7.Nd5 Qd8 8.Nxf6+ Qxf6
9.Nf3 h6 10.Bc3 Bd6 11.Be2 Nd7 12.Nd2 O-O 13.O-O Bc7 14.f4 Qe7 15.f5 Nf6
16.Qe1 b5 17.axb5 cxb5 18.b4 Bb7 19.Bxb5 Bb6+ 20.Kh1 Rfc8 21.Ra3 a5 22.Nc4 Bc7
23.bxa5 Nxe4 24.Bb4 Qg5 25.a6 Bd5 26.Ne3 Nf6 27.h4 Qh5 28.Be2  1-0

[Event "HUN-chT"]
[Site "HUN"]
[Date "1992.??.??"]
[Round "?"]
[White "Portisch, Gabor"]
[Black "Emodi, Gyula"]
[Result "0-1"]
[WhiteElo "2295"]
[BlackElo "2345"]

1.d4 Nf6 2.Nc3 d6 3.e4 c6 4.Be2 Nbd7 5.f4 e5 6.dxe5 dxe5 7.fxe5 Nxe5 8.Qxd8+ Kxd8
9.Nf3 Nxf3+ 10.gxf3 Be7 11.Be3 b5 12.Rg1 Ne8 13.O-O-O+ Kc7 14.Bxb5 cxb5 15.Nd5+ Kd7
16.Nb6+ Kc6 17.Nxa8 Bb7 18.Bxa7 Bxa8 19.Be3 Kc7 20.Bf4+ Kc8 21.Rd3 Bc6 22.a3 Rf8
23.b4 f5 24.e5 g6 25.e6 Nc7 26.Bxc7 Kxc7 27.Rgd1 Re8 28.Re1 Bf6 29.c3 g5
30.Kb2 h5 31.Kb3 g4 32.fxg4 hxg4 33.c4 bxc4+ 34.Kxc4 Re7 35.Kc5 Bh4 36.Re2 Bf3
37.Re5 Be4 38.Rd7+ Rxd7 39.exd7 Bf2+ 40.Kc4 Kxd7  0-1

[Event "HUN-chT"]
[Site "HUN"]
[Date "1992.??.??"]
[Round "?"]
[White "Horvath, Imre"]
[Black "Somlai, Laszlo"]
[Result "1-0"]
[WhiteElo "2320"]
[BlackElo "2375"]

1.e4 d6 2.d4 Nf6 3.Nc3 c6 4.a4 Qa5 5.Bd2 e5 6.Nd5 Qd8 7.Nxf6+ Qxf6 8.Nf3 Bg4
9.dxe5 dxe5 10.h3 Bxf3 11.Qxf3 Qxf3 12.gxf3 Bd6 13.Rg1 g6 14.O-O-O Nd7 15.Bc4 Ke7
16.Be3 f6 17.h4 b6 18.h5 g5 19.Bxg5 fxg5 20.Rxg5 Nc5 21.Rg7+ Kf6 22.Rf7+ Kg5
23.Rf5+  1-0

[Event "HUN-chT"]
[Site "HUN"]
[Date "1992.??.??"]
[Round "4"]
[White "Fodre, Sandor"]
[Black "Tompa, Janos"]
[Result "1-0"]
[WhiteElo "2260"]
[BlackElo "2415"]

1.e4 d6 2.d4 Nf6 3.Nc3 c6 4.Nf3 Bg4 5.Be2 e6 6.Bg5 Qb6 7.Qd2 d5 8.exd5 Bxf3
9.Bxf3 cxd5 10.O-O Be7 11.Bxf6 Bxf6 12.Bxd5 exd5 13.Nxd5 Qd6 14.Rfe1+ Kd8
15.Nxf6 gxf6 16.Qa5+ b6 17.Qh5 Rf8 18.Re3 Nd7 19.Rae1 Rc8 20.Qxh7 Qxd4 21.Rd3 Qg4
22.Qh6 Kc7 23.Re7 Rfd8 24.Qxf6 Kb8 25.Qd6+ Rc7 26.Rxf7 Qg5 27.f4 Qc5+ 28.Qxc5 bxc5
29.g4 Kc8 30.g5 Rg8 31.Kg2 Rb7 32.b3 Ne5 33.Rxb7 Nxd3 34.Rf7 Ne1+ 35.Kg3 Nxc2
36.h4 Rd8 37.g6 Nd4 38.h5 Ne6 39.f5 Rd3+ 40.Kf2 Nd8 41.Rf8 Rd2+ 42.Ke3 Rg2
43.h6  1-0

[Event "Hyeres op"]
[Site "Hyeres"]
[Date "1992.??.??"]
[Round "?"]
[White "Vaisser, Anatoli"]
[Black "Rausis, Igors"]
[Result "1-0"]
[WhiteElo "2540"]
[BlackElo "2490"]

1.d4 d6 2.e4 Nf6 3.Nc3 e5 4.dxe5 dxe5 5.Qxd8+ Kxd8 6.Bg5 Be6 7.O-O-O+ Nd7
8.f4 exf4 9.Nf3 Kc8 10.Bxf4 Bc5 11.e5 Ng4 12.Ne4 Be3+ 13.Bxe3 Nxe3 14.Re1 Nxf1
15.Rhxf1 Kd8 16.Neg5 Ke7 17.Nd4 h6 18.Ngxe6 fxe6 19.Rf3 Rhf8 20.Re4 Rad8
21.h4 Rxf3 22.Nxf3 h5 23.Rb4 b6 24.Rc4 c5 25.Ra4 a5 26.Rf4 b5 27.c4 b4 28.Kc2 a4
29.Ng5 Rf8 30.Rxf8 Nxf8 31.Nf3 Ng6 32.Kd2 Kd7 33.Ke3 Ne7 34.Kf4 Nf5 35.Kg5 Ne3
36.Kxh5 Ke7 37.Ng5 Kf8 38.Kg6 Nxg2 39.Nxe6+ Ke7 40.Nxc5 Nxh4+ 41.Kxg7 Nf3
42.Nd3 b3 43.axb3 axb3 44.c5 Nd4 45.Kg6 Ke6 46.Kg5 Nc6 47.Kf4 Kd5 48.Kf5 Kd4
49.Nc1 Nxe5 50.Ke6 Nc4 51.Nxb3+ Kd3 52.c6 Kc2 53.c7 Nb6 54.Nc5 Nc8 55.Kd7 Nb6+
56.Kd8  1-0

[Event "Iraklion op"]
[Site "Iraklion"]
[Date "1992.??.??"]
[Round "2"]
[White "Gratseas, Stefanos"]
[Black "Palatnik, Semon"]
[Result "0-1"]
[WhiteElo "2260"]
[BlackElo "2510"]

1.d4 Nf6 2.Nc3 d6 3.e4 Nbd7 4.Nf3 e5 5.Be2 c6 6.a4 Be7 7.O-O Qc7 8.h3 O-O
9.Re1 b6 10.Bf1 a6 11.b3 Re8 12.Bb2 Bb7 13.dxe5 dxe5 14.Nd2 b5 15.Qf3 Rad8
16.Bd3 Nc5 17.Nf1 Bc8 18.Ng3 g6 19.Red1 Ne6 20.Nce2 Nd7 21.axb5 axb5 22.c4 b4
23.Bc2 c5 24.Nc1 Nd4 25.Bxd4 cxd4 26.Nd3 Bb7 27.Qe2 Ra8 28.Qe1 Qb6 29.Nf1 Ra3
30.Rxa3 bxa3 31.b4 Rc8 32.Bb3 Nc5 33.bxc5 Qxb3 34.Nxe5 a2 35.Nd2 Qa3 36.Ra1 Bxc5
37.Qd1 Bb4 38.Qb3 Ra8 39.Rxa2 Qxa2 40.Qxb4 Bc8 41.Ndf3 Be6 42.Ng5 d3 43.Nxd3 Bxc4
44.Nb2 Qb1+ 45.Kh2 Qc1 46.g3 Ra1 47.Qb8+ Kg7 48.Qe5+ Kh6 49.Nxf7+ Bxf7  0-1

[Event "Iraklion op"]
[Site "Iraklion"]
[Date "1992.??.??"]
[Round "4"]
[White "Khenkin, Igor"]
[Black "Zahariev, Zahari"]
[Result "1-0"]
[WhiteElo "2530"]
[BlackElo "2365"]

1.d4 d6 2.e4 Nf6 3.Nc3 c6 4.f4 g6 5.Nf3 Bg7 6.Bd3 Na6 7.O-O O-O 8.e5 Nd5
9.Nxd5 cxd5 10.c3 Nc7 11.Qc2 dxe5 12.fxe5 f5 13.exf6 exf6 14.Bf4 Be6 15.Qb3 b6
16.a4 Bf7 17.Bg3 Qd7 18.a5 Rfb8 19.axb6 Rxb6 20.Qc2 Nb5 21.Nd2 Nd6 22.Nb3 Nc4
23.Nc5 Qc6 24.Rfb1 a5 25.b3 Nd6 26.Ra2 Bf8 27.Rba1 Re8 28.Rxa5 Ne4 29.Bxe4 dxe4
30.b4 e3 31.Ra7 e2 32.Re1 Bc4 33.Nd7 Ra6 34.Nb8 Rxb8 35.Rxa6 Qxa6 36.Bxb8 Qe6
37.Qd2 g5 38.Bg3 Qf5 39.Rxe2 Bxe2 40.Qxe2 Qb1+  1-0

[Event "ISR-ch"]
[Site "ISR"]
[Date "1992.??.??"]
[Round "4"]
[White "Maryasin, Boris"]
[Black "Shvidler, Eliahu"]
[Result "1/2-1/2"]
[WhiteElo "2395"]
[BlackElo "2445"]

1.e4 d6 2.d4 Nf6 3.Nc3 c6 4.f4 Qa5 5.Bd3 e5 6.Nf3 Bg4 7.Be3 Nbd7 8.O-O exd4
9.Bxd4 Qb4 10.Ne2 d5 11.a3 Qa5 12.b4 Qc7 13.e5 Ng8 14.c4 dxc4 15.Bxc4 Nb6
16.Bb3 Rd8 17.h3 Bxf3 18.Rxf3 Ne7 19.Qc2 Ned5 20.Qe4 Be7 21.f5 f6 22.exf6 Nxf6
23.Bxf6 gxf6 24.Nf4 Qe5 25.Qxe5 fxe5 26.Ne6 e4 27.Nxd8 exf3 28.Nxb7 fxg2
29.Rc1 Kd7 30.Be6+ Kc7 31.Na5 c5 32.bxc5 Na4 33.Nb3 Rb8 34.Kxg2 Rb5 35.Bc4 Rb8
36.Bd5 Rd8 37.Be4 Rb8 38.Nd4 Rb2+ 39.Kf3 Nxc5 40.f6 Bd6 41.Bxh7 Kd7 42.Bf5+ Ke8
43.Bg6+ Kd7 44.Rd1 Bf8 45.Re1 Rb6 46.Bf5+ Kc7 47.Be6 Ra6 48.Re3 Kd8 49.f7 Bh6
50.Re5 Rxa3+ 51.Ke2 Nd3 52.Rd5+ Ke7 53.Nf5+ Kxe6 54.Nxh6 Nf4+ 55.Kd2 Ng6
56.Rc5 Nf8 57.h4 Kf6 58.h5 Kg7 59.Ng4 Kxf7 60.Rf5+ Ke7 61.h6 Rg3 62.Rg5 Ne6
63.h7 Rh3 64.Ra5 Nf8 65.Rxa7+ Kd6 66.Nh6 Nxh7 67.Rxh7 Ke6 68.Ra7 Rg3 69.Ra6+ Kd5
70.Nf5 Rh3 71.Ne3+ Kc5 72.Kd3 Rh8 73.Ra5+ Kc6 74.Rg5 Rh4 75.Nf5 Rh1 76.Nd4+ Kd6
77.Nf3 Ra1 78.Ke4 Rd1 79.Rh5 Ra1 80.Rd5+ Ke7 81.Ke5 Rf1 82.Ng5 Rc1 83.Ne4 Rh1
84.Ng5 Re1+ 85.Kf5 Rg1 86.Rd3 Ra1 87.Ne4 Rf1+ 88.Ke5 Ra1 89.Rh3 Ra5+ 90.Kd4 Ra4+
91.Kd5 Ra5+ 92.Nc5 Ra1 93.Ke5 Re1+ 94.Ne4 Kd7 95.Rh6 Ra1 96.Nc3 Rc1 97.Rd6+ Ke8
98.Ne4 Re1 99.Kf5 Ke7 100.Re6+ Kd8 101.Re5 Rd1 102.Ke6 Kc7 103.Nc3 Rd6+  1/2-1/2

[Event "Karvina op"]
[Site "Karvina"]
[Date "1992.??.??"]
[Round "5"]
[White "Ryskin, Alexander"]
[Black "Bandza, Algirdas"]
[Result "1-0"]
[WhiteElo "2445"]
[BlackElo "2365"]

1.d4 d6 2.e4 Nf6 3.Nc3 Nbd7 4.f4 e5 5.dxe5 dxe5 6.fxe5 Nxe5 7.Qxd8+ Kxd8
8.Nf3 Nfd7 9.Bf4 Bd6 10.Bg3 Nxf3+ 11.gxf3 Bxg3+ 12.hxg3 c6 13.Nd1 Ke7 14.Ne3 Ne5
15.Be2 f6 16.f4 Nf7 17.Bh5 Nd6 18.Bg6 Bg4 19.Bxh7 Bf3 20.Rf1 Rxh7 21.Rxf3 Rh1+
22.Rf1 Rah8 23.O-O-O Rxf1 24.Rxf1 Nxe4 25.Nf5+ Kf7 26.Re1 g6 27.Rxe4 gxf5
28.Rb4 b5 29.a4 a6 30.axb5 cxb5 31.c4 Rc8 32.b3 Ke6 33.Kd2 bxc4 34.bxc4 Kd6
35.Ra4 Kc5 36.Kc3 Kb6 37.Kb4 Rc7 38.Ra3 Rg7  1-0

[Event "Katowice op"]
[Site "Katowice"]
[Date "1992.??.??"]
[Round "1"]
[White "Slonimskij, Arkadij"]
[Black "Krasenkow, Michal"]
[Result "0-1"]
[WhiteElo "2260"]
[BlackElo "2495"]

1.d4 d6 2.e4 Nf6 3.Nc3 c6 4.Bg5 Qb6 5.Qd2 Qxb2 6.Rb1 Qa3 7.e5 dxe5 8.dxe5 Nfd7
9.e6 fxe6 10.Nf3 g6 11.Bc4 Bg7 12.Ne4 Nb6 13.Bb3 Nd5 14.O-O O-O 15.Bh6 Qb4
16.Qxb4 Nxb4 17.Bxg7 Kxg7 18.Nfg5 N8a6 19.Bxe6 h6 20.Bxc8 Rfxc8 21.Ne6+ Kf7
22.N6c5 b6 23.Nxa6 Nxa6 24.Rb3 Rd8 25.Re1 Rd7 26.h4 Nc7 27.h5 g5 28.Rf3+ Kg7
29.Ng3 e6 30.Ne4 Rf8 31.Rxf8 Kxf8 32.g3 Kg7 33.Re3 Ne8 34.Kf1 Nf6 35.Nxf6 Kxf6
36.Ke2 g4 37.Re4 Kf5 38.Rf4+ Kg5 39.Re4 Re7 40.Re5+ Kf6 41.Re4 Kf5 42.f3 gxf3+
43.Kxf3 e5 44.g4+ Kg5 45.Kg3 b5 46.a3 c5 47.Kf3 a5 48.c3 Kf6 49.Ke2 Ke6 50.Re3 Rg7
51.Rg3 b4 52.cxb4 axb4 53.axb4 cxb4 54.Kd3 Kd5 55.Rg1 e4+ 56.Ke3 b3 57.g5 Rxg5  0-1

[Event "Katowice op"]
[Site "Katowice"]
[Date "1992.??.??"]
[Round "1"]
[White "Oral, Tomas"]
[Black "Titov, German"]
[Result "0-1"]
[WhiteElo "2255"]
[BlackElo "2490"]

1.e4 d6 2.d4 Nf6 3.Nc3 e5 4.Nf3 Nbd7 5.h3 Be7 6.Be3 O-O 7.Be2 c6 8.a4 Re8
9.O-O exd4 10.Bxd4 Bf8 11.Nd2 Nc5 12.Bxc5 dxc5 13.Re1 Be6 14.Bc4 Bxc4 15.Nxc4 Qd4
16.Qe2 Nd5 17.Ra3 Nxc3 18.bxc3 Qd7 19.a5 Qc7 20.Rb3 Rab8 21.Qg4 b5 22.axb6 axb6
23.Ne3 g6 24.c4 Bg7 25.Rd1 Re7 26.Rdb1 Qe5 27.Rxb6 Rxb6 28.Rxb6  0-1

[Event "Katowice op"]
[Site "Katowice"]
[Date "1992.??.??"]
[Round "2"]
[White "Zelcic, Robert"]
[Black "Malaniuk, Vladimir P"]
[Result "1-0"]
[WhiteElo "2380"]
[BlackElo "2550"]

1.e4 d6 2.d4 Nf6 3.Nc3 e5 4.Nf3 Nbd7 5.Bc4 Be7 6.O-O O-O 7.Qe2 c6 8.a4 exd4
9.Nxd4 Re8 10.a5 Bf8 11.a6 Nc5 12.axb7 Bxb7 13.Qf3 Qd7 14.Nf5 Ncxe4 15.Nxe4 Rxe4
16.Bd3 Re5 17.Bg5 Be7 18.Qh3 Bc8 19.Nxe7+ Qxe7 20.Bxf6 Qxf6 21.Rxa7  1-0

[Event "Katowice op"]
[Site "Katowice"]
[Date "1992.??.??"]
[Round "2"]
[White "Brodsky, Michail"]
[Black "Gaspariants, Vladimir"]
[Result "1-0"]
[WhiteElo "2485"]
[BlackElo "2350"]

1.e4 d6 2.d4 Nf6 3.Nc3 c6 4.f4 Qa5 5.Bd3 e5 6.Nf3 Nbd7 7.Qe2 Be7 8.Bd2 Qc7
9.O-O O-O 10.Kh1 exd4 11.Nxd4 Nc5 12.Nb3 Nxd3 13.cxd3 Re8 14.Rae1 Bf8 15.Qf3 Re7
16.f5 h6 17.d4 Nd7 18.Qg3 Kh7 19.Bf4 Re8 20.e5 dxe5 21.dxe5 Nb6 22.e6 Qd8
23.exf7 Rxe1 24.Qg6+ Kh8 25.Rxe1 Qf6 26.Nd4 Qxg6 27.fxg6 Bg4 28.Ne6 Bxe6
29.Rxe6 Nd7 30.Re8  1-0

[Event "Katowice op"]
[Site "Katowice"]
[Date "1992.??.??"]
[Round "4"]
[White "Biolek, Richard"]
[Black "Malaniuk, Vladimir P"]
[Result "0-1"]
[WhiteElo "2370"]
[BlackElo "2550"]

1.e4 d6 2.d4 Nf6 3.Nc3 e5 4.dxe5 dxe5 5.Qxd8+ Kxd8 6.Bg5 Be6 7.O-O-O+ Nd7
8.f4 exf4 9.Nf3 h6 10.Bxf4 c6 11.Nd4 Bb4 12.Nxe6+ fxe6 13.Bd3 Ke7 14.Ne2 Ng4
15.Rdf1 Bc5 16.Bg3 Rhf8 17.Nf4 Nde5 18.Be2 Ne3 19.Rfg1 N3c4 20.Bxc4 Be3+
21.Kd1 Bxf4 22.Bxf4 Rxf4 23.Bd3 Rf2 24.Be2 Rd8+ 25.Ke1 Rf4 26.Bf3 g5 27.h3 Rdf8
28.Rf1 Nxf3+ 29.gxf3 Rxf3 30.Rxf3 Rxf3 31.Ke2 Rf4 32.Ke3 Rh4  0-1

[Event "Katowice op"]
[Site "Katowice"]
[Date "1992.??.??"]
[Round "5"]
[White "Velicka, Petr"]
[Black "Titov, German"]
[Result "1/2-1/2"]
[WhiteElo "2410"]
[BlackElo "2490"]

1.e4 d6 2.d4 Nf6 3.Nc3 c6 4.Nf3 Bg4 5.Be2 e6 6.Bg5 Be7 7.h3 Bh5 8.O-O d5
9.e5 Nfd7 10.Qd2 a6 11.b4 Bxf3 12.Bxe7 Qxe7 13.Bxf3 O-O 14.Na4 a5 15.a3 axb4
16.axb4 Na6 17.c3 Ra7 18.Ra2 Rfa8 19.Rfa1 b6 20.Nb2 b5 21.Ra3 Nb6 22.Qc1 Nb8
23.Nd3 Rxa3 24.Rxa3 Rxa3 25.Qxa3 Na4 26.Bd1 Qa7 27.Nc5 Nd7 28.Nxd7 Qxd7 29.Qa2 Qa7
30.Kf1 Qa8 31.Ke1 Kf8 32.f4 Nb6 33.Qxa8+ Nxa8 34.Bc2 h6 35.h4 Nb6 36.Ke2 Ke7
37.g3 f6 38.Bd3 Na4 39.Kd2 Kf7 40.Be2 Nb6 41.Bh5+ g6 42.Be2 Nd7 43.Ke3 Nb6
44.Kd2 Kg7 45.Bg4 Nc4+ 46.Kd3 Kf7 47.Be2 Ke7 48.Bg4 Nb6 49.Ke3 Na8 50.exf6+ Kxf6
51.h5 Nc7 52.hxg6 Kxg6 53.Kf2 h5 54.Be2 Ne8 55.Bd3+ Kf6 56.Kf3 Nd6 57.Ke3 Kg7
58.Kf2 Kf7 59.Ke2 Kf6 60.Ke3 Kg7 61.Kf2 Kh6 62.Kf3 Nf7 63.Bc2 Kg7 64.Kf2 Kf6
65.Ke3 Nd6 66.Bd3  1/2-1/2

[Event "Katowice op"]
[Site "Katowice"]
[Date "1992.??.??"]
[Round "6"]
[White "Novik, Maxim"]
[Black "Malaniuk, Vladimir P"]
[Result "1/2-1/2"]
[WhiteElo "2420"]
[BlackElo "2550"]

1.e4 d6 2.d4 Nf6 3.Nc3 e5 4.Nf3 Nbd7 5.Bc4 Be7 6.O-O O-O 7.Re1 c6 8.a4 a5
9.h3 h6 10.Ba2 Re8 11.Be3 Qc7 12.dxe5 dxe5 13.Nh4 Nf8 14.Qf3 Be6 15.Nf5 Bxa2
16.Rxa2 Ne6 17.Raa1 Nh7 18.Nxe7+ Qxe7 19.Qg3 Nd4 20.Rac1 Qe6 21.Ne2 c5 22.c3 Nxe2+
23.Rxe2 Rad8 24.Ree1 Rd3 25.Rcd1 Red8 26.Rxd3 Rxd3 27.Qg4 Qc6 28.Qf5 f6 29.h4 Nf8
30.Qg4 Kf7 31.Qh5+ Kg8 32.Qg4 Kf7 33.Qh5+  1/2-1/2

[Event "Katowice op"]
[Site "Katowice"]
[Date "1992.??.??"]
[Round "7"]
[White "Gizynski, Tomasz"]
[Black "Titov, German"]
[Result "0-1"]
[WhiteElo "2310"]
[BlackElo "2490"]

1.e4 d6 2.d4 Nf6 3.Nc3 e5 4.dxe5 dxe5 5.Qxd8+ Kxd8 6.Bg5 Be6 7.O-O-O+ Nd7
8.f3 c6 9.g3 Be7 10.Bh3 Bxh3 11.Nxh3 Kc7 12.Nf2 Ng4 13.Nxg4 Bxg5+ 14.Kb1 h5
15.Nf2 h4 16.Ne2 Be3 17.Ng4 Bb6 18.f4 exf4 19.gxf4 Rae8 20.Nc3 h3 21.Rhf1 Rh4
22.Ne5 Nxe5 23.fxe5 Re7 24.Rd3 g6 25.Rff3 Rh7 26.Rxh3 Rxh3 27.Rxh3 Bd4 28.Ne2 Bxe5
29.Rh7 Kd7 30.c3 Bf6 31.Ng3 Ke6 32.Kc2 Ke5 33.Kd3 Rd7+ 34.Ke2 Kf4 35.Kf2 a5
36.Ke2 b5 37.Rh3 Kg4 38.Rh7 Kf4 39.Rh3 b4 40.cxb4 axb4 41.a3 Kg4 42.Rh7 b3
43.Nf1 Bxb2 44.Ne3+ Kg5 45.Nc4 Bc3 46.Rh3 b2 47.Rg3+ Kf4 48.Rg1  0-1

[Event "Katowice op"]
[Site "Katowice"]
[Date "1992.??.??"]
[Round "7"]
[White "Renet, Olivier"]
[Black "Berezjuk, Sergej"]
[Result "1-0"]
[WhiteElo "2495"]
[BlackElo "2380"]

1.e4 d6 2.d4 Nf6 3.Nc3 e5 4.Nf3 Nbd7 5.Bc4 Be7 6.O-O O-O 7.a4 c6 8.Re1 a5
9.h3 h6 10.Be3 Re8 11.Ba2 Qc7 12.Qd2 Nf8 13.Rad1 N6h7 14.Qd3 Qb8 15.Nd2 Bd7
16.Qc4 Be6 17.d5 cxd5 18.Nxd5 Nf6 19.Qd3 Nxd5 20.Bxd5 Ra6 21.Nc4 Qc7 22.Qb3 Bxd5
23.Rxd5 Nd7 24.Rb5 Rb8 25.Bb6 Nxb6 26.Nxb6 Bd8 27.Nd5 Qc8 28.Re3 Rc6 29.Rf3 Qd7
30.c3 Rc5 31.Rxc5 dxc5 32.Qd1 Qe6 33.c4 Rc8 34.Rd3 Rc6 35.b3 Bg5 36.Kh2 g6
37.g3 b6 38.h4 Be7 39.Ne3 Rd6 40.Rd5 h5 41.Kg2 Kf8 42.Nc2 Ke8 43.Na3 Rd7
44.Nb5 f5 45.Qf3 fxe4 46.Qxe4 Kf7 47.Rxe5 Qf6 48.Rd5 Rd8 49.Nc7 Bd6 50.Rd3 Qe7
51.Rf3+ Kg8 52.Qxg6+  1-0

[Event "Katowice op"]
[Site "Katowice"]
[Date "1992.??.??"]
[Round "8"]
[White "Nikolenko, Oleg"]
[Black "Nesterov, Jakov"]
[Result "1/2-1/2"]
[WhiteElo "2465"]
[BlackElo "2405"]

1.e4 d6 2.d4 Nf6 3.Nc3 e5 4.Nf3 Nbd7 5.g3 c6 6.a4 Qa5 7.Bd2 Qc7 8.Bg2 g6
9.O-O Bg7 10.h3 O-O 11.Be3 b6 12.Qd2 a6 13.Bh6 Bb7 14.Bxg7 Kxg7 15.Nh4 c5
16.dxe5 dxe5 17.Qg5 Kh8 18.Rad1 Bc6 19.Rfe1 b5 20.Nd5 Bxd5 21.exd5 Qd6 22.Nf3 Rae8
23.Nd2 c4 24.Qh6 Nc5 25.axb5 axb5 26.Ra1 e4 27.Ra5 Qb6 28.Raa1 Qd6 29.Ra5 Qb6
30.Ra3 Kg8 31.Qe3 Nxd5 32.Qd4 Nb4 33.Qc3 Ncd3 34.cxd3 Nxd3 35.Nxe4 Rxe4 36.Rxe4 Qxf2+
37.Kh2 b4 38.Qxc4 bxa3 39.Qxd3 axb2 40.Rb4 Rc8 41.Qa3 Rc2 42.Rb8+ Kg7 43.Qf8+ Kf6
44.Qd8+ Kg7 45.Qf8+ Kf6 46.Qd6+ Kg7 47.Qe5+ Qf6 48.Qxf6+ Kxf6 49.g4 h5 50.gxh5 gxh5
51.h4 Ke5 52.Kg3 f5 53.Rb5+ Kd4 54.Rb8 Ke3 55.Re8+ Kd2 56.Rb8 Kc1 57.Bf3 b1=Q
58.Rxb1+ Kxb1 59.Bxh5 Rc4 60.Be2 Rd4  1/2-1/2

[Event "JUG-ch"]
[Site "Kladovo"]
[Date "1992.??.??"]
[Round "1"]
[White "Dabetic, Radojica"]
[Black "Kostic, Nebojsa"]
[Result "1-0"]
[WhiteElo "2300"]
[BlackElo "2385"]

1.e4 d6 2.d4 Nf6 3.Nc3 c6 4.Nf3 Bg4 5.Be2 Nbd7 6.O-O e5 7.a4 Be7 8.a5 O-O
9.Be3 Re8 10.dxe5 dxe5 11.Nd2 Bxe2 12.Qxe2 Bb4 13.a6 b5 14.f3 Bc5 15.Nb3 Bxe3+
16.Qxe3 Qb6 17.Kf2 Kf8 18.Rfd1 Ke7 19.Na5 Rec8 20.Nb7 Rc7 21.Rd3 Qxe3+ 22.Kxe3 Nb6
23.b3 Rd7 24.Rad1 Ne8 25.Na2 Rc8 26.Nb4 Rxd3+ 27.Nxd3 Nd7 28.Nb4 Rc7 29.c4 bxc4
30.bxc4 Nb8 31.Na5 Nf6 32.Ra1 Nfd7 33.Nb3 Nf8 34.g3 Ne6 35.f4 Rd7 36.fxe5 Kd8
37.Nd3 Re7 38.Nbc5 Nxc5 39.Nxc5 Rxe5 40.Rb1 Rxc5 41.Rxb8+ Kd7 42.Kd4 Rh5
43.e5 Rxh2 44.Rb7+ Ke6 45.Rxa7 Ra2 46.Kc5 Ra4 47.Rc7 h5 48.Rxc6+ Kxe5 49.Kb5 Ra3
50.Kb6 Rb3+ 51.Kc7 Rxg3 52.Rc5+ Ke6 53.Ra5 Rd3 54.a7 Rd7+ 55.Kb6  1-0

[Event "JUG-ch"]
[Site "Kladovo"]
[Date "1992.??.??"]
[Round "11"]
[White "Radosavljevic, Slobodan"]
[Black "Lazic, Miroljub"]
[Result "1/2-1/2"]
[WhiteElo "2295"]
[BlackElo "2450"]

1.e4 d6 2.d4 Nf6 3.Nc3 c6 4.a4 Nbd7 5.Nf3 e5 6.Bc4 Be7 7.O-O O-O 8.dxe5 dxe5
9.Qe2 a5 10.Rd1 Qc7 11.h3 Nc5 12.Nh4 Ne6 13.Nf5 Bc5 14.Be3 Bxe3 15.Qxe3 g6
16.Qh6 Ne8 17.Rd3 gxf5 18.exf5 N6g7 19.g4 Qe7 20.Ne4 Bxf5 21.gxf5 Nxf5 22.Rg3+ Kh8
23.Qg5 Qxg5 24.Rxg5 Nd4 25.Kf1 f6 26.Rg3 b5 27.axb5 cxb5 28.Ba2 Nxc2 29.Rd1 Nd4
30.Bf7 Nf5 31.Rf3 Neg7 32.Nxf6 Rad8 33.Rdd3  1/2-1/2